000 00477nam a2200169Ia 4500
999 _c388
_d388
003 OSt
005 20210902105733.0
008 190216s9999||||xx |||||||||||||| ||und||
040 _coclc
082 _a297
_bALZ/K
100 _aAl Zandani, Abdul Majeed Azeez
_98752
245 0 _aKitab Al Thouheed /
_cAbdul Majeed Azeez Al Zandani
260 _bKitab Bhavan,
_aNew Delhi:
300 _a90p
650 _aArabic
942 _cBK
_2ddc
_h297
_iALZ/K
_k297
_mALZ/K